000 00689nam a2200241Ia 4500
003 OSt
005 20220928125040.0
006 a|||||r|||| 00| 0
007 ta
008 220927b |||||||| |||| 00| 0 eng d
024 _a51411
037 _cTextual
040 _aSDCL
_cSDCL
_beng
041 _2eng
_aeng
082 _aY:37, L5
100 _aGoldberg Alvin A
_9467762
245 0 _aGroup Communication
_b Discussion processes and applications
260 _aNew Jersey
_bPrentice Hall
_c1975
300 _axvii, 184p.
_ccm.
700 _a Larson Carl E
_9467763
942 _hY:37, L5
_cTEXL
_2CC
999 _c780640
_d780640